<?xml version="1.0" encoding="UTF-8"?>
<record
    xmlns:xsi="http://www.w3.org/2001/XMLSchema-instance"
    xsi:schemaLocation="http://www.loc.gov/MARC21/slim http://www.loc.gov/standards/marcxml/schema/MARC21slim.xsd"
    xmlns="http://www.loc.gov/MARC21/slim">

  <leader>01552nam a22002537a 4500</leader>
  <controlfield tag="005">20260507115207.0</controlfield>
  <controlfield tag="008">260507b        |||||||| |||| 00| 0 eng d</controlfield>
  <datafield tag="022" ind1=" " ind2=" ">
    <subfield code="a">0261-1929</subfield>
  </datafield>
  <datafield tag="040" ind1=" " ind2=" ">
    <subfield code="a">MMSU</subfield>
    <subfield code="c">ULS</subfield>
  </datafield>
  <datafield tag="210" ind1=" " ind2=" ">
    <subfield code="a">ATLA</subfield>
  </datafield>
  <datafield tag="222" ind1=" " ind2=" ">
    <subfield code="a">Alternatives to Laboratory Animals</subfield>
  </datafield>
  <datafield tag="245" ind1=" " ind2=" ">
    <subfield code="a">ATLA :</subfield>
    <subfield code="b">Alternatives to Laboratory Animals</subfield>
  </datafield>
  <datafield tag="260" ind1=" " ind2=" ">
    <subfield code="a">London: </subfield>
    <subfield code="b">Sage Publications,</subfield>
    <subfield code="c">2025-</subfield>
  </datafield>
  <datafield tag="300" ind1=" " ind2=" ">
    <subfield code="a">volumes ;</subfield>
    <subfield code="c">28 cm.</subfield>
  </datafield>
  <datafield tag="310" ind1=" " ind2=" ">
    <subfield code="a">Six times a year.</subfield>
  </datafield>
  <datafield tag="362" ind1=" " ind2=" ">
    <subfield code="a">Volume 53, Number 2 (March 2025-      )</subfield>
  </datafield>
  <datafield tag="500" ind1=" " ind2=" ">
    <subfield code="a">ATLA is a peer-reviewed journal, intended to cover all aspects of the development, validation, implementation and use of alternatives to laboratory animals in biomedical research and toxicity testing. In addition to the replacement of animals, it also covers work that aims to reduce the number of animals used and refine the in vivo </subfield>
  </datafield>
  <datafield tag="505" ind1=" " ind2=" ">
    <subfield code="t">Reviewing Current Guidance for the &#x2018;R&#x2019; of Replacement and Rethinking it with the &#x2018;Replacement Checklist&#x2019; (pp. 72&#x2013;83) /</subfield>
    <subfield code="r">Juliet P. Dukes, Amy Beale, and Celean Camp</subfield>
  </datafield>
  <datafield tag="505" ind1=" " ind2=" ">
    <subfield code="t">An Approach to Setting Vertebrate Animal-use Benchmarks for Agrochemical and GM Crop Testing to Facilitate Future Animal Reduction Efforts (pp. 84&#x2013;97) /</subfield>
    <subfield code="r">Joseph Henriquez, Matthew Merrell, [&#x2026;], and Sean Gehen</subfield>
  </datafield>
  <datafield tag="505" ind1=" " ind2=" ">
    <subfield code="t">20 Years of Providing Custom Non-Animal-Derived Antibodies &#x2014; A Review (pp. 168&#x2013;174) /</subfield>
    <subfield code="r">John Cardone and Achim Knappik. </subfield>
  </datafield>
  <datafield tag="650" ind1=" " ind2=" ">
    <subfield code="a">Biomedical research</subfield>
    <subfield code="v">Periodicals</subfield>
  </datafield>
  <datafield tag="650" ind1=" " ind2=" ">
    <subfield code="a">Animals as alternatives in laboratoies</subfield>
    <subfield code="v">Periodicals</subfield>
  </datafield>
  <datafield tag="942" ind1=" " ind2=" ">
    <subfield code="2">lcc</subfield>
    <subfield code="c">SERIALS</subfield>
  </datafield>
  <datafield tag="999" ind1=" " ind2=" ">
    <subfield code="c">29094</subfield>
    <subfield code="d">29094</subfield>
  </datafield>
  <datafield tag="952" ind1=" " ind2=" ">
    <subfield code="0">0</subfield>
    <subfield code="1">0</subfield>
    <subfield code="2">lcc</subfield>
    <subfield code="4">0</subfield>
    <subfield code="7">0</subfield>
    <subfield code="a">MMSU_MAIN</subfield>
    <subfield code="b">MMSU_MAIN</subfield>
    <subfield code="c">SERIALS (Foreign)</subfield>
    <subfield code="d">2026-05-07</subfield>
    <subfield code="h">Volume 53, Number 2 (March 2025)</subfield>
    <subfield code="l">0</subfield>
    <subfield code="p">SERIALS-163</subfield>
    <subfield code="r">2026-05-07</subfield>
    <subfield code="w">2026-05-07</subfield>
    <subfield code="y">SERIALS</subfield>
    <subfield code="z">ROOM USE ONLY</subfield>
  </datafield>
</record>
